Freie Uberfuhrungsenthalpien von Einzelionen aus Wasser in organische Solventien : eine kritische Ubersicht /

Bibliographic Details
Main Author: Schwabe, Kurt
Other Authors: Queck, Christian
Format: Book
Language:German
Published: Berlin : Akademie-Verlag, [1979]
Series:Abhandlungen der Sächsischen Akademie der Wissenschaften zu Leipzig, Mathematisch-Naturwissenschaftliche Klasse ; Bd. 53, Heft 3.
Subjects:

MARC

Tag First Indicator Second Indicator Subfields
LEADER 00000cam a2200000 a 4500
001 in00000214166
005 20151009062219.0
008 810817s1979 ge a b 00010 germ
010 |a  81479033  
015 |a GFR*** 
020 |c 22.00M 
035 |a (OCoLC)07735777 
035 |9 AAX7607AM 
040 |a DLC  |c DLC  |d m.c.  |d TXA  |d UtOrBLW 
049 |a TXAM  |c [1167314] 
050 0 0 |a QD541  |b  S36 
082 0 |a 541.3/4  |2 19 
090 |a AS182  |b  S21 Bd.53, Heft 3 
100 1 |a Schwabe, Kurt. 
245 1 0 |a Freie Uberfuhrungsenthalpien von Einzelionen aus Wasser in organische Solventien :  |b eine kritische Ubersicht /  |c Kurt Schwabe, Christian Queck. 
264 1 |a Berlin :  |b Akademie-Verlag,  |c [1979] 
264 4 |c ©1979 
300 |a 104 pages :  |b illustrations ;  |c 30 cm. 
336 |a text  |b txt  |2 rdacontent 
337 |a unmediated  |b n  |2 rdamedia 
338 |a volume  |b nc  |2 rdacarrier 
490 1 |a Abhandlungen der Sachischen Akademie der Wissenschaften zu Leipzig, Mathematisch-Naturwissenschaftliche Klasse ;  |v Bd. 53, Heft 3 
504 |a Includes bibliographical references. 
650 0 |a Solvation. 
650 0 |a Enthalpy. 
650 0 |a Water. 
650 0 |a Nonaqueous solvents. 
700 1 |a Queck, Christian. 
830 0 |a Abhandlungen der Sächsischen Akademie der Wissenschaften zu Leipzig, Mathematisch-Naturwissenschaftliche Klasse ;  |v Bd. 53, Heft 3. 
999 |a MARS 
999 f f |s 702c684f-fcb7-3120-981a-4099f2145691  |i 943eda32-7d7c-3347-86ee-4094b98c1856  |t 0 
952 f f |p ric  |a Texas A&M University  |b Rellis Campus  |c Joint Library Facility  |d Remote Storage  |t 0  |e AS182 S21 Bd.53, Heft 3  |h Library of Congress classification  |i unmediated -- volume  |m A14806330523 
998 f f |a AS182 S21 Bd.53, Heft 3  |t 0  |l Remote Storage